000 01334cam a2200265 4500
001 J118306
008 020131n2002 000 0 eng u
022 _a1354-506X
035 _a(Sirsi) u118306
041 _aeng
050 _a711.1
_c18
100 _aEnnis, Frank
245 _aInfrastructure providers and planners
_ban examination of the relationships
260 _aLondon
_bRICS Foundation
_c2002
490 _aRICS Foundation Research Papers
_v4(8)
520 _aExamines the relationship between infrastructure providers and local planning authorities in Britain. There are two areas of concern: the links between the two parties with regard to the development strategy set out by planning authorities in their development plans; and the framework established through government guidance for dealing with strategies of providers in establishing their own network.
520 _aRICS members may also view the research via the public access terminals in the RICS Library - please ask Library Staff for details.
650 _aLOCAL DEVELOPMENT PLANS
650 _aINFRASTRUCTURE SECTOR
650 _aPLANNING AUTHORITIES
690 _aENVIRONMENTAL AND LAND CONSULTANCY-PLANNING AND DEVELOPMENT
700 _aMorris, Tracy
710 _aRoyal Institution of Chartered Surveyors
_bFoundation
_94173
942 _n0
999 _c102125
_d102125